000 00478nam a2200169Ia 4500
999 _c58254
_d58251
082 _aR/6IT12
100 _aSaddam Shar
100 _aRoll No. 12BS(IT)66
245 0 _aE-Banking System
260 _aNawabshah
_bQUEST
_c2016
300 _a62p
700 _aMamoon Ahmed Alvi (Roll No. 12BS(IT)17)
700 _aMuhammad Qasim Dahri (Roll No. 12BS(IT)48)
700 _aMujtaba Khoso (Roll No. 12BS(IT)52)
700 _aSartaj Junejo (Roll No. 12BS(IT)46)
942 _cTHESIS